A novel reactive liquid rubber with maleimide end groups for the toughening of unsaturated polyester resins (Record no. 53489)

MARC details
000 -LEADER
fixed length control field 00529nam a2200181Ia 4500
100 ## - MAIN ENTRY--AUTHOR NAME
Personal name Abbate M
245 #2 - TITLE STATEMENT
Title A novel reactive liquid rubber with maleimide end groups for the toughening of unsaturated polyester resins
260 ## - PUBLICATION, DISTRIBUTION, ETC. (IMPRINT)
Name of publisher Journal of Applied Polymer Science
Year of publication 1996
300 ## - PHYSICAL DESCRIPTION
Number of Pages 2107-2119
650 ## - SUBJECT ADDED ENTRY--TOPICAL TERM
Topical Term Liquid rubber
650 ## - SUBJECT ADDED ENTRY--TOPICAL TERM
Topical Term Polyester resins
700 ## - ADDED ENTRY--PERSONAL NAME
Personal name Leonardi M
700 ## - ADDED ENTRY--PERSONAL NAME
Personal name Martuscelli E
700 ## - ADDED ENTRY--PERSONAL NAME
Personal name Musto P
700 ## - ADDED ENTRY--PERSONAL NAME
Personal name Ragosta G
942 ## - ADDED ENTRY ELEMENTS (KOHA)
Koha item type Journals
Holdings
Withdrawn status Lost status Damaged status Not for loan Home library Current library Shelving location Date acquired Serial Enumeration / chronology Koha item type
      Journals RRII Library RRII Library Rubber chemistry 17/12/2021 Volume 62, Issue 12 Journals